The Epistle of Paul to the Philippians: (Record no. 16506)

000 -LEADER
fixed length control field 00709nam a2200217 a 4500
001 - CONTROL NUMBER
control field :::00019469$&:&@@
003 - CONTROL NUMBER IDENTIFIER
control field OkBaRHE
005 - DATE AND TIME OF LATEST TRANSACTION
control field 20091021122514.0
008 - FIXED-LENGTH DATA ELEMENTS--GENERAL INFORMATION
fixed length control field s1959 j 000 0 eng u
020 ## - INTERNATIONAL STANDARD BOOK NUMBER
International Standard Book Number 0802822614
040 ## - CATALOGING SOURCE
Transcribing agency
100 1# - MAIN ENTRY--PERSONAL NAME
Personal name Martin, Ralph P.
245 14 - TITLE STATEMENT
Title The Epistle of Paul to the Philippians:
Remainder of title an introduction and commentary.
250 ## - EDITION STATEMENT
Edition statement [1st ed.]
260 ## - PUBLICATION, DISTRIBUTION, ETC. (IMPRINT)
Place of publication, distribution, etc Grand Rapids, MI., :
Name of publisher, distributor, etc Eerdmans
Date of publication, distribution, etc 1959
300 ## - PHYSICAL DESCRIPTION
Extent 186 p. ;
Dimensions 21 cm.
490 0# - SERIES STATEMENT
Series statement The Tyndale New Testament commentaries.
650 ## - SUBJECT ADDED ENTRY--TOPICAL TERM
Topical term or geographic name as entry element Bible. N.T. Philippians
General subdivision Commentaries
942 ## - ADDED ENTRY ELEMENTS (KOHA)
Source of classification or shelving scheme
Koha item type Books
Copies
Date last seen Full call number Damaged status Shelving location Date acquired Source of classification or shelving scheme Permanent Location Price effective from Not for loan Lost status Barcode Withdrawn status Copy number Koha item type
2018-04-03BS 2705.3 .M3 General Stacks2010-04-14 RHEMA Bible Training College2010-04-14  19469 1Books